| 000 | 00535nam a2200217Ia 4500 | ||
|---|---|---|---|
| 003 | OSt | ||
| 005 | 20221005121517.0 | ||
| 006 | a|||||r|||| 00| 0 | ||
| 007 | ta | ||
| 008 | 221004b |||||||| |||| 00| 0 snd d | ||
| 024 | _a7118 | ||
| 037 | _cTextual | ||
| 040 |
_aCRL _cCRL _bsnd |
||
| 041 |
_2snd _asnd |
||
| 082 | _aQ21:24, 593K8 | ||
| 100 |
_aSakll Arjun _9630708 |
||
| 245 | 0 | _aHindu philosophy jo sandesh | |
| 260 | _c1968 | ||
| 942 |
_hQ21:24, 593K8 _cTEXL _2cc |
||
| 999 |
_c1041338 _d1041338 |
||